<?xml version="1.0" encoding="UTF-8"?>
<record
    xmlns:xsi="http://www.w3.org/2001/XMLSchema-instance"
    xsi:schemaLocation="http://www.loc.gov/MARC21/slim http://www.loc.gov/standards/marcxml/schema/MARC21slim.xsd"
    xmlns="http://www.loc.gov/MARC21/slim">

  <leader>01081nam a22002897a 4500</leader>
  <controlfield tag="003">AUA.1</controlfield>
  <controlfield tag="005">20250929174922.0</controlfield>
  <controlfield tag="008">111220t        xxu||||| |||| 00| 0 eng d</controlfield>
  <datafield tag="010" ind1=" " ind2=" ">
    <subfield code="a">8171768</subfield>
  </datafield>
  <datafield tag="020" ind1=" " ind2=" ">
    <subfield code="a">0849908256</subfield>
  </datafield>
  <datafield tag="040" ind1=" " ind2=" ">
    <subfield code="c">FF</subfield>
  </datafield>
  <datafield tag="050" ind1=" " ind2=" ">
    <subfield code="a">BS491.2</subfield>
    <subfield code="b">.W67 2004</subfield>
  </datafield>
  <datafield tag="245" ind1=" " ind2=" ">
    <subfield code="a">Word Biblical commentary :</subfield>
    <subfield code="b">Song of songs : Lamentations /</subfield>
    <subfield code="c">Duane Garret; Paul R. House.</subfield>
  </datafield>
  <datafield tag="260" ind1=" " ind2=" ">
    <subfield code="a">Nashville :</subfield>
    <subfield code="b">Thomas Nelson,</subfield>
    <subfield code="c">c2004.</subfield>
  </datafield>
  <datafield tag="300" ind1=" " ind2=" ">
    <subfield code="a">xiv, 478 p. :</subfield>
    <subfield code="c">24 cm.</subfield>
  </datafield>
  <datafield tag="440" ind1=" " ind2=" ">
    <subfield code="a">Word Biblical commentary :</subfield>
    <subfield code="n">v.23B</subfield>
    <subfield code="9">48962</subfield>
  </datafield>
  <datafield tag="504" ind1=" " ind2=" ">
    <subfield code="a">Include bibliography and index.</subfield>
  </datafield>
  <datafield tag="650" ind1=" " ind2=" ">
    <subfield code="v">Song of Songs </subfield>
    <subfield code="x">Bible</subfield>
    <subfield code="y">Commentaries</subfield>
    <subfield code="9">18001</subfield>
  </datafield>
  <datafield tag="650" ind1=" " ind2=" ">
    <subfield code="v"> Lamentations</subfield>
    <subfield code="x">Bible</subfield>
    <subfield code="y">Commentaries</subfield>
    <subfield code="9">48967</subfield>
  </datafield>
  <datafield tag="700" ind1=" " ind2=" ">
    <subfield code="a">Garrett, Duane</subfield>
    <subfield code="9">18002</subfield>
    <subfield code="e">Song of Songs</subfield>
  </datafield>
  <datafield tag="700" ind1=" " ind2=" ">
    <subfield code="a">House, Paul R</subfield>
    <subfield code="e">Lamentations</subfield>
    <subfield code="9">48968</subfield>
  </datafield>
  <datafield tag="700" ind1=" " ind2=" ">
    <subfield code="a">Watts, John D.W.</subfield>
    <subfield code="4">Old Testament ed.</subfield>
    <subfield code="9">48963</subfield>
  </datafield>
  <datafield tag="700" ind1=" " ind2=" ">
    <subfield code="a">Watts, James W.</subfield>
    <subfield code="4">Old Testament ed.</subfield>
    <subfield code="9">48964</subfield>
  </datafield>
  <datafield tag="700" ind1=" " ind2=" ">
    <subfield code="a">Martin, Ralph P.</subfield>
    <subfield code="4">New Testament ed.</subfield>
    <subfield code="9">48965</subfield>
  </datafield>
  <datafield tag="700" ind1=" " ind2=" ">
    <subfield code="a">Losie, Lynn Allan</subfield>
    <subfield code="4">New Testament ed.</subfield>
    <subfield code="9">48966</subfield>
  </datafield>
  <datafield tag="942" ind1=" " ind2=" ">
    <subfield code="2">lcc</subfield>
    <subfield code="c">REF</subfield>
    <subfield code="h">BS 491.2</subfield>
    <subfield code="i">.W67 2004</subfield>
  </datafield>
  <datafield tag="999" ind1=" " ind2=" ">
    <subfield code="c">5189</subfield>
    <subfield code="d">5189</subfield>
  </datafield>
  <datafield tag="952" ind1=" " ind2=" ">
    <subfield code="0">0</subfield>
    <subfield code="1">0</subfield>
    <subfield code="2">lcc</subfield>
    <subfield code="4">0</subfield>
    <subfield code="7">0</subfield>
    <subfield code="8">REF</subfield>
    <subfield code="a">AUA.1</subfield>
    <subfield code="b">AUA.1</subfield>
    <subfield code="c">REF</subfield>
    <subfield code="d">2011-12-20</subfield>
    <subfield code="e">Donation, Biblical Research Institute</subfield>
    <subfield code="g">25.00</subfield>
    <subfield code="h">AUA006005</subfield>
    <subfield code="l">0</subfield>
    <subfield code="o">BS 491.2 .W67 2004</subfield>
    <subfield code="p">AUA006005</subfield>
    <subfield code="r">2011-12-20 00:00:00</subfield>
    <subfield code="t">v.23B</subfield>
    <subfield code="v">25.00</subfield>
    <subfield code="w">2011-12-20</subfield>
    <subfield code="y">REF</subfield>
  </datafield>
</record>
